| 000 | 01057cam a2200325 4500 | ||
|---|---|---|---|
| 001 | 2264 | ||
| 003 | FISKH | ||
| 005 | 20231114092922.0 | ||
| 008 | 710407t19711968inua a 000 1 eng | ||
| 010 | _a 71137716 | ||
| 020 | _a9780749707958 | ||
| 040 |
_aDLC _cDLC _dDLC _beng |
||
| 042 | _alcac | ||
| 050 | 0 | 0 |
_aPZ7.T5973 _bOw4 |
| 082 | 0 | 0 | _a823.914 |
| 100 | 1 | _aTomlinson, Jill. | |
| 245 | 1 | 4 |
_aThe owl who was afraid of the dark / _cJill Tomlinson ; Illustrated by Susan Hellar |
| 250 | _aThis new edition published 1992 | ||
| 260 |
_aLondon : _bMammoth, _c1968 |
||
| 300 |
_a96 pages : _billustrations ; _c20 cm |
||
| 505 | _aN | ||
| 520 | _aOwls are supposed to be night birds, but young Plop is afraid of the dark, despite how much other people and animals tell him they enjoy it. | ||
| 521 | 8 |
_a550
_bLexile |
|
| 521 | 8 |
_aN
_bRaz-Plus |
|
| 650 | 1 |
_aOwls _vFiction. |
|
| 650 | 1 |
_aFear of the dark _vFiction. |
|
| 700 | 1 |
_aHellard, Susan _eillustrator |
|
| 906 |
_a7 _bcbc _corignew _d2 _encip _f19 _gy-gencatlg |
||
| 942 |
_2ddc _cBK _n0 |
||
| 999 |
_c2264 _d2264 |
||